|
|
|
|
| LEADER |
00000cam a2200000 7i4500 |
| 001 |
0000037084 |
| 005 |
20130815.0 |
| 008 |
130815 |
| 020 |
|
|
|a 9673713769
|
| 090 |
0 |
0 |
|a 746.436
|b RIK
|
| 100 |
0 |
|
|a Rika Destrianingsih
|
| 245 |
1 |
0 |
|a Bunga-bunga dari stoking
|c Rika Destrianingsih
|
| 260 |
|
|
|a KL :
|b Synergy Media ,
|c [s.n]
|
| 440 |
|
|
|a Siri bunga artifisial
|
| 650 |
|
0 |
|a Tatting
|
| 999 |
|
|
|a 0001235206
|b Book
|c Adult Collection
|e Cawangan Pontian
|
| 999 |
|
|
|a 0001235208
|b Book
|c Adult Collection
|e Cawangan Bandar Tenggara
|
| 999 |
|
|
|a 0001235209
|b Book
|c Adult Collection
|e Cawangan Tmn. Ungku Tun Aminah
|
| 999 |
|
|
|a 0001235212
|b Book
|c Adult Collection
|e Cawangan Muar
|
| 999 |
|
|
|a 0001235213
|b Book
|c Adult Collection
|e Cawangan Bukit Gambir
|
| 999 |
|
|
|a 0001235214
|b Book
|c Adult Collection
|e Cawangan Tangkak
|
| 999 |
|
|
|a 0001235215
|b Book
|c Adult Collection
|e Cawangan Mersing
|
| 999 |
|
|
|a 0001235216
|b Book
|c Adult Collection
|e Cawangan Segamat
|
| 999 |
|
|
|a 0001235218
|b Book
|c Adult Collection
|e Cawangan Kota Tinggi
|
| 999 |
|
|
|a 0001239194
|b Book
|c Adult Collection
|e Perbadanan Perpustakaan Awam Johor
|
| 999 |
|
|
|a 0001239195
|b Book
|c Annual Reports
|e Perbadanan Perpustakaan Awam Johor
|
| 999 |
|
|
|a 0001239196
|b Book
|c Annual Reports
|e Perbadanan Perpustakaan Awam Johor
|